[Event "Madrid Oliver Gonzalez Memorial 1st"]
[Site "Madrid"]
[Date "2010.10.12"]
[Round "4"]
[White "Marcos Herrero, Francisco"]
[Black "Labarta Gonzalez, Ivan B"]
[Result "0-1"]
[WhiteElo "1880"]
[BlackElo "2129"]
[PlyCount "62"]
[EventDate "2010.10.09"]
[EventType "swiss"]
[EventRounds "9"]
[EventCountry "ESP"]
[SourceTitle "CBM 138 Extra"]
[Source "ChessBase"]
[SourceDate "2010.10.29"]
[SourceVersion "1"]
[SourceVersionDate "2010.10.29"]
[SourceQuality "1"]

1. Nf3 Nf6 2. g3 g6 3. Bg2 Bg7 4. 0-0 0-0 5. d4 d6 6. Nc3 Nbd7 7. e4 e5 8. dxe5 dxe5 9. Qe2 c6 10. Rd1 Qc7 11. a4 a5 12. b3 Re8 13. Ba3 Bf8 14. Bxf8 Nxf8 15. Rd2 Bg4 16. h3 Bxf3 17. Qxf3 Kg7 18. Rad1 Ne6 19. Ne2 Rad8 20. Qc3 Rxd2 21. Rxd2 Rd8 22. f4 Qb6+ 23. Kh2 Rxd2 24. Qxd2 Qf2 25. fxe5 Nxe4 26. Qd3 N4c5 27. Qd2 h6 28. h4 g5 29. hxg5 Nxg5 30. Kh1 Nce4 31. Qd3 Qxe2 0-1

[Event "Collado Villalba op-A 27th"]
[Site "Collado Villalba"]
[Date "2010.08.24"]
[Round "5"]
[White "Labarta Gonzalez, Ivan B"]
[Black "Kovacevic, Slobodan"]
[Result "0-1"]
[WhiteElo "2129"]
[BlackElo "2392"]
[PlyCount "68"]
[EventDate "2010.08.20"]
[EventType "swiss"]
[EventRounds "10"]
[EventCountry "ESP"]
[SourceTitle "CBM 138 Extra"]
[Source "ChessBase"]
[SourceDate "2010.10.29"]
[SourceVersion "1"]
[SourceVersionDate "2010.10.29"]
[SourceQuality "1"]

1. e4 c5 2. Nc3 e6 3. g3 Nc6 4. Bg2 g6 5. d3 Bg7 6. Be3 d6 7. Qd2 Nd4 8. Nge2 Ne7 9. 0-0 0-0 10. Nd1 Rb8 11. Nc1 Re8 12. c3 Ndc6 13. Ne2 b6 14. d4 Ba6 15. Re1 Rc8 16. f4 Na5 17. b3 f5 18. Nf2 fxe4 19. Nxe4 Nf5 20. Bf2 Bxe2 21. Rxe2 cxd4 22. cxd4 Nc6 23. Rc1 Nfxd4 24. Ree1 d5 25. Ng5 Qd6 26. Kh1 Rcd8 27. h4 h6 28. Nf3 Nxf3 29. Bxf3 e5 30. Rcd1 d4 31. Kh2 exf4 32. Rxe8+ Rxe8 33. Qxf4 Ne5 34. Be4 Rf8 0-1

[Event "Collado Villalba op 24th"]
[Site "Collado Villalba"]
[Date "2007.08.25"]
[Round "3"]
[White "Ortiz Suarez, Isan Reynaldo"]
[Black "Labarta Gonzalez, Ivan B"]
[Result "1-0"]
[WhiteElo "2390"]
[BlackElo "2164"]
[PlyCount "93"]
[EventDate "2007.08.23"]
[EventType "swiss"]
[EventRounds "9"]
[EventCountry "ESP"]
[SourceTitle "EXT 2008"]
[Source "ChessBase"]
[SourceDate "2007.11.25"]
[SourceVersion "1"]
[SourceVersionDate "2007.11.25"]
[SourceQuality "1"]

1. e4 c5 2. Nf3 d6 3. d4 cxd4 4. Nxd4 Nf6 5. Nc3 g6 6. Be3 Bg7 7. f3 a6 8. Qd2 h5 9. 0-0-0 Nbd7 10. Kb1 b5 11. h3 h4 12. Bd3 Bb7 13. Rhe1 Nb6 14. Qf2 Nfd7 15. f4 e5 16. Ndxb5 axb5 17. Bxb5 Nc8 18. f5 g5 19. Bc5 Rh6 20. g3 hxg3 21. Qxg3 Kf8 22. Be3 f6 23. Rh1 Rh4 24. Qg2 Ke7 25. Bf2 Qh8 26. Bxh4 Qxh4 27. Bxd7 Kxd7 28. Qe2 Ba6 29. Qd2 Bc4 30. b3 Bf7 31. Qd3 Rb8 32. Qa6 Qf2 33. Rd3 Qb6 34. Qxb6 Nxb6 35. Rhd1 Bf8 36. Nb5 Nc8 37. a4 d5 38. exd5 Rxb5 39. axb5 Nd6 40. b6 Nxf5 41. b7 Bd6 42. Rf3 Bh5 43. Rxf5 Bxd1 44. Rxf6 Bb8 45. Rf8 Kc7 46. d6+ Kxb7 47. d7 1-0

[Event "Collado Villalba op 24th"]
[Site "Collado Villalba"]
[Date "2007.08.23"]
[Round "1"]
[White "Cobelas Rodriguez, Pilar"]
[Black "Labarta Gonzalez, Ivan B"]
[Result "0-1"]
[WhiteElo "1925"]
[BlackElo "2164"]
[PlyCount "52"]
[EventDate "2007.08.23"]
[EventType "swiss"]
[EventRounds "9"]
[EventCountry "ESP"]
[SourceTitle "EXT 2008"]
[Source "ChessBase"]
[SourceDate "2007.11.25"]
[SourceVersion "1"]
[SourceVersionDate "2007.11.25"]
[SourceQuality "1"]

1. e4 c5 2. Nf3 Nc6 3. d4 cxd4 4. Nxd4 g6 5. Bc4 Bg7 6. c3 Nf6 7. Qc2 0-0 8. 0-0 Nxd4 9. cxd4 d5 10. exd5 Nxd5 11. Nc3 Bf5 12. Qb3 Nb6 13. d5 Nxc4 14. Qxc4 e6 15. dxe6 Bxe6 16. Qb4 b6 17. Be3 Qf6 18. a4 Rfc8 19. Rfd1 Rc4 20. Qd6 Qh4 21. a5 Rac8 22. axb6 axb6 23. Ra6 Qh5 24. f4 Rxc3 25. bxc3 Qe2 26. Qd3 Qxd3 0-1

[Event "Madrid Pueblo Nuevo IRT 13th"]
[Site "Madrid"]
[Date "2006.11.30"]
[Round "9"]
[White "Labarta Gonzalez, Ivan B"]
[Black "Salgado Lopez, Oscar"]
[Result "1/2-1/2"]
[WhiteElo "2156"]
[BlackElo "2199"]
[PlyCount "57"]
[EventDate "2006.11.02"]
[EventType "tourn"]
[EventRounds "9"]
[EventCountry "ESP"]
[SourceTitle "EXT 2008"]
[Source "ChessBase"]
[SourceDate "2007.11.25"]
[SourceVersion "1"]
[SourceVersionDate "2007.11.25"]
[SourceQuality "1"]

1. e4 c5 2. Nf3 e6 3. d3 b5 4. g3 Bb7 5. Bg2 Nc6 6. 0-0 g6 7. d4 cxd4 8. Nxd4 Qb6 9. Be3 Bc5 10. c3 e5 11. Nc2 Bxe3 12. Nxe3 Nce7 13. a4 Nf6 14. Qd3 Ba6 15. Rd1 bxa4 16. Qd6 Be2 17. Qxe5 Bxd1 18. Nd5 Nfxd5 19. Qxh8+ Ng8 20. Qxg8+ Ke7 21. Qxa8 Nc7 22. Qh8 Qxb2 23. e5 Ne8 24. Qxh7 Qxa1 25. Qh4+ Kf8 26. Qh8+ Ke7 27. Qh4+ Kf8 28. Qh8+ Ke7 29. Qh4+ 1/2-1/2

[Event "Madrid Pueblo Nuevo IRT 13th"]
[Site "Madrid"]
[Date "2006.11.29"]
[Round "8"]
[White "Gormaz Lietor, Andres Miguel"]
[Black "Labarta Gonzalez, Ivan B"]
[Result "0-1"]
[WhiteElo "1791"]
[BlackElo "2156"]
[PlyCount "110"]
[EventDate "2006.11.02"]
[EventType "tourn"]
[EventRounds "9"]
[EventCountry "ESP"]
[SourceTitle "EXT 2008"]
[Source "ChessBase"]
[SourceDate "2007.11.25"]
[SourceVersion "1"]
[SourceVersionDate "2007.11.25"]
[SourceQuality "1"]

1. d4 Nf6 2. c4 g6 3. Nc3 Bg7 4. Nf3 0-0 5. e4 d6 6. Be2 e5 7. 0-0 Nc6 8. d5 Ne7 9. b4 a5 10. Ba3 axb4 11. Bxb4 Nd7 12. a4 Nc5 13. Bxc5 dxc5 14. a5 f5 15. Ng5 Rf6 16. Nb5 Rfa6 17. Ne6 Bxe6 18. dxe6 Rxe6 19. Qxd8+ Rxd8 20. Nxc7 Red6 21. Nd5 Nc6 22. Rfb1 Nd4 23. Bd3 R8d7 24. f3 h5 25. Rb2 f4 26. Rb6 g5 27. Rab1 Nc6 28. Rxb7 Rxb7 29. Rxb7 Nxa5 30. Rb5 Ra6 31. Rxc5 Nb3 32. Rc8+ Bf8 33. h3 Kg7 34. Rc7+ Kh6 35. Ne7 Nc1 36. Bf1 Ra1 37. c5 Nb3 38. Kf2 Ra2+ 39. Ke1 Rc2 40. Nf5+ Kg6 41. Rc6+ Kh7 42. Rc7+ Kg8 43. Ne7+ Bxe7 44. Rxe7 Rc1+ 45. Kf2 Rc2+ 46. Kg1 Rxc5 47. Rd7 g4 48. hxg4 hxg4 49. Rd5 Rxd5 50. exd5 g3 51. Bd3 Nd2 52. d6 Kf7 53. d7 Ke7 54. Bf5 Nc4 55. Kf1 Ne3+ 0-1

[Event "Galapagar op 07th"]
[Site "Galapagar"]
[Date "2006.07.28"]
[Round "7"]
[White "Labarta Gonzalez, Ivan B"]
[Black "Martin Rueda, Daniel"]
[Result "0-1"]
[WhiteElo "2113"]
[BlackElo "2293"]
[PlyCount "58"]
[EventDate "2006.07.22"]
[EventType "swiss"]
[EventRounds "7"]
[EventCountry "ESP"]
[SourceTitle "EXT 2007"]
[Source "ChessBase"]
[SourceDate "2006.11.23"]
[SourceVersion "1"]
[SourceVersionDate "2006.11.23"]
[SourceQuality "1"]

1. d4 d5 2. c4 c6 3. Nf3 Nf6 4. e3 a6 5. Bd3 b5 6. b3 Bg4 7. Nbd2 e6 8. Qc2 Nbd7 9. Bb2 Bd6 10. Ne5 Rc8 11. c5 Bb8 12. f4 Bh5 13. Ndf3 Bxe5 14. dxe5 Ne4 15. Bxe4 dxe4 16. Nd2 Nxc5 17. 0-0 Qd5 18. Ba3 Nd3 19. Bd6 f5 20. b4 Kf7 21. Nb3 Rhg8 22. Nc1 g5 23. a4 gxf4 24. Ra3 fxe3 25. Rxd3 exd3 26. Nxd3 e2 27. Rf2 Qxd3 28. Qxd3 e1Q+ 29. Rf1 Be2 0-1

[Event "Galapagar op 07th"]
[Site "Galapagar"]
[Date "2006.07.25"]
[Round "4"]
[White "Labarta Gonzalez, Ivan B"]
[Black "Bermejo Collado, Julian"]
[Result "1-0"]
[WhiteElo "2113"]
[BlackElo "2342"]
[PlyCount "89"]
[EventDate "2006.07.22"]
[EventType "swiss"]
[EventRounds "7"]
[EventCountry "ESP"]
[SourceTitle "EXT 2007"]
[Source "ChessBase"]
[SourceDate "2006.11.23"]
[SourceVersion "1"]
[SourceVersionDate "2006.11.23"]
[SourceQuality "1"]

1. d4 d6 2. e4 Nd7 3. Nf3 c6 4. a4 g6 5. Bc4 d5 6. exd5 Nb6 7. Bb3 Nxd5 8. 0-0 Ngf6 9. Ne5 Be6 10. a5 Rc8 11. c4 Nb4 12. Be3 Bg7 13. Qd2 Na6 14. Nc3 0-0 15. Rfd1 Ng4 16. Nxg4 Bxg4 17. f3 Bf5 18. Qf2 Qc7 19. Qh4 Nb4 20. Ne4 Bxe4 21. Qxe4 c5 22. Bf4 Qc6 23. d5 Qf6 24. Rd2 Rfd8 25. Re1 Bf8 26. Rde2 Qa6 27. Ra1 b5 28. Bg5 Rc7 29. h4 Rb7 30. h5 bxc4 31. Bxc4 Qd6 32. Bf4 Qf6 33. hxg6 hxg6 34. Be5 Qg5 35. Ra3 Rbd7 36. f4 Qg4 37. Rh3 f6 38. Ree3 Kf7 39. Reg3 Qf5 40. Qxf5 gxf5 41. d6+ e6 42. Rh7+ Ke8 43. Bb5 fxe5 44. Rg8 Nd5 45. fxe5 1-0